Agricultural land prices in England and Wales. - 1966/69 - 1975/76 (Record no. 91832)

MARC details
000 -LEADER
fixed length control field 00780cam a2200229 4500
001 - CONTROL NUMBER
control field B1697
008 - FIXED-LENGTH DATA ELEMENTS--GENERAL INFORMATION
fixed length control field 090401t1977 xxu||||| |||| 00| 0 eng d
035 ## - SYSTEM CONTROL NUMBER
System control number (Sirsi) u45834
041 ## - LANGUAGE CODE
Language code of text/sound track or separate title eng
050 ## - LIBRARY OF CONGRESS CALL NUMBER
Classification number 333.335
110 ## - MAIN ENTRY--CORPORATE NAME
Corporate name or jurisdiction name as entry element Ministry of Agriculture
9 (RLIN) 1876
245 ## - TITLE STATEMENT
Title Agricultural land prices in England and Wales. - 1966/69 - 1975/76
260 ## - PUBLICATION, DISTRIBUTION, ETC.
Place of publication, distribution, etc. Pinner,Mdx
Name of publisher, distributor, etc. Ministry of Agriculture, Fisheries and F
Date of publication, distribution, etc. 1969-1977
300 ## - PHYSICAL DESCRIPTION
Extent 10v. ; 30cm.
350 ## - PRICE (NR) (BK AM CF MU VM SE) [OBSOLETE]
Price 2
490 ## - SERIES STATEMENT
Series statement Technical report
Volume/sequential designation 20
520 ## - SUMMARY, ETC.
Summary, etc. Produced jointly with the Agricultural Land Service , after 1970 Agricultural Development and Advisory Service . - Superseded by new series Booklet 2320 q.v.
650 ## - SUBJECT ADDED ENTRY--TOPICAL TERM
Topical term or geographic name entry element FARM LAND
710 ## - ADDED ENTRY--CORPORATE NAME
Corporate name or jurisdiction name as entry element Fisheries and Food
9 (RLIN) 1879
942 ## - ADDED ENTRY ELEMENTS (KOHA)
Suppress in OPAC 0
948 ## - LOCAL PROCESSING INFORMATION (OCLC); SERIES PART DESIGNATOR (RLIN)
c (OCLC) 04/03/1997
Holdings
Withdrawn status Lost status Source of classification or shelving scheme Damaged status Not for loan Home library Current library Shelving location Date acquired Cost, normal purchase price Total Checkouts Full call number Barcode Date last seen Copy number Cost, replacement price Price effective from Koha item type
    Dewey Decimal Classification     London London Basement 22/08/1991 2.00   BASEMENT 1 30025308 06/08/2019 1 2.00 06/08/2019 Reference material